| 000 | 01635nam a2200433Ii 4500 | ||
|---|---|---|---|
| 001 | DIGGENED007 | ||
| 003 | NyNyDIG | ||
| 007 | cr ||||||||||| | ||
| 008 | 220523s2016 sp ob 000 0 spa d | ||
| 006 | m o d | ||
| 035 | _a(OCoLC)1281975774 | ||
| 040 |
_aDGITA _beng _erda _epn _cDGITA |
||
| 020 |
_a9788494253393 _qeBook _qpdf |
||
| 020 | _z9788494253386 | ||
| 050 | 1 | 4 | _aBD223 ebook |
| 100 | 1 |
_aCuartango, Román G., _eauthor. |
|
| 245 | 1 | 0 |
_aTal vez no tan sujeto... : _bEl individuo, las reglas de juego y lo político / _cRomán Cuartango. |
| 264 | 1 |
_a[Santander] : _bGenueve Ediciones, _c2016. |
|
| 300 | _a1 online resource. | ||
| 336 |
_atext _btxt _2rdacontent |
||
| 337 |
_acomputer _bc _2rdamedia |
||
| 338 |
_aonline resource _bcr _2rdacarrier |
||
| 347 |
_atext file _2rdaft |
||
| 347 | _bPDF | ||
| 490 | 1 |
_aColección Ciencias Sociales y Humanidades ; _v15 |
|
| 504 | _aIncludes bibliographical references. | ||
| 588 | 0 | _aOnline resource; title from PDF title page (Digitalia, viewed May 23, 2022) | |
| 650 | 0 | _aSubject (Philosophy) | |
| 650 | 0 |
_aPolitical science _xPhilosophy. |
|
| 650 | 0 | _aSelf (Philosophy) | |
| 655 | 0 | _aElectronic books. | |
| 791 | 2 |
_aDigitalia (Firm), _edistributor. |
|
| 793 | 0 |
_gDigitalia eBook Collection: _aGenueve Ediciones |
|
| 776 | 0 | 8 |
_iPrint version: _aCuartango, Román G. _tTal vez no tan sujeto... _d[Santander] : Genueve Ediciones, 2016 _z9788494253386 |
| 830 | 0 |
_aColección Ciencias sociales y humanidades ; _v15. |
|
| 856 | 4 | 0 |
_3Digitalia Hispánica _uhttps://www.digitaliapublishing.com/a/47309/ |
| 910 | _aPremium collection: 2022 | ||
| 942 | _cRAA | ||
| 999 |
_c250168 _d250168 |
||